| 000 | 01060cam a2200217 4500 | ||
|---|---|---|---|
| 001 | ##L131830 | ||
| 008 | 051212n2003 000 0 eng u | ||
| 020 | _a1860816193 | ||
| 035 | _a(Sirsi) u131830 | ||
| 041 | 0 | _aeng | |
| 050 | 0 | 4 | _a693.5 $2 18 |
| 100 | 1 | _aDunster, Andrew M. | |
| 245 | 0 | 0 |
_aDeterioration of cement-based building materials _blessons learnt |
| 260 |
_aLondon _bBRE _c2003 |
||
| 300 |
_a6p _bill _c30cm |
||
| 490 | 0 |
_aBRE Information Paper _vIP 4/03 |
|
| 520 | _aThis information paper provides a brief overview of the lessons learnt from case studies into the deterioration of cement-based building materials and components. A common feature of many of the studies was the build-up of moisture, which was involved in a wide range of damaging reactions, which included sulfate reactions, steel-slag expansive reactions, and acid attack on concrete. | ||
| 690 | _aBUILT ENVIRONMENT-BUILDING MATERIALS-CEMENTITIOUS, CONCRETE AND MINERAL BOUND MATERIALS-CEMENTITIOUS MATERIALS AND BINDERS | ||
| 700 | 1 | _aCrammond, Norah J. | |
| 942 | _n0 | ||
| 999 |
_c104858 _d104858 |
||